Équipes ayant participé à la Coupe du monde féminine de basket - Statistiques

Statistiques générales
  • Ce quiz a été pris 215 fois
  • Le résultat moyen est 32 sur 55
Statistiques - réponses
# Record Équipe % Correct
12 Troisième France
99%
19 Vainqueur États-Unis
98%
12 Troisième Canada
94%
12 Finaliste Chine
94%
8 Finaliste Espagne
94%
15 Finaliste Japon
91%
2 Onzième Allemagne
90%
16 Vainqueur Brésil
90%
17 Vainqueur Australie
88%
4 Finaliste Russie
88%
6 Quatrième Italie
85%
9 Sixième Argentine
83%
3 Quatrième Belgique
79%
3 Sixième Mexique
78%
17 ou 18 Finaliste Corée du Sud
74%
2 Onzième Grèce
73%
3 Sixième Serbie
73%
1 Quinzième Nouvelle-Zélande
71%
1 Neuvième Suisse
70%
3 Cinquième Pologne
69%
1 Huitième Pays-Bas
66%
3 Sixième Lituanie
63%
3 Quatrième Turquie
62%
3 Finaliste Chili
61%
6 Cinquième Hongrie
61%
2 Cinquième Slovaquie
60%
9 Vainqueur Union soviétique
60%
1 Treizième Lettonie
59%
3 Huitième Nigeria
58%
4 Finaliste Tchéquie
58%
6 Finaliste Bulgarie
56%
11 Troisième Cuba
56%
1 Sixième Roumanie
55%
1 Septième Colombie
54%
5 Finaliste Yougoslavie
53%
8 Douzième Sénégal
49%
4 Septième Pérou
46%
3 Cinquième Paraguay
44%
0 ou 1 Huitième ? Corée du Nord
43%
1 Douzième Bosnie-Herzégovine
41%
3 Quatorzième RD Congo
37%
2 Quatrième Biélorussie
36%
8 Finaliste Tchécoslovaquie
35%
1 Seizième Tunisie
35%
1 Douzième Équateur
34%
1 Dixième Bolivie
32%
1 Quatrième Allemagne de l’Est
29%
1 Seizième Angola
27%
3 Onzième Mali
26%
3 Huitième Porto Rico
26%
1 Seizième Kenya
21%
4 Douzième Taïwan
19%
2 Onzième Malaisie
18%
1 Treizième Madagascar
13%
1 Quinzième Mozambique
13%
Aucun quiz correspondant
Distribution des résultats
% des personnes avec chaque résultat
Percentile par nombre de réponses
Votre historique - résultats
Vous n’avez pas pris ce quiz